RAJASTHAN KE RAJWADI GEET VOL-1 (Record no. 219713)
[ view plain ]
| 000 -LEADER | |
|---|---|
| fixed length control field | 00324 a2200133 4500 |
| 003 - CONTROL NUMBER IDENTIFIER | |
| control field | OSt |
| 005 - DATE AND TIME OF LATEST TRANSACTION | |
| control field | 20241221125130.0 |
| 008 - FIXED-LENGTH DATA ELEMENTS--GENERAL INFORMATION | |
| fixed length control field | 241221b |||||||| |||| 00| 0 eng d |
| 040 ## - CATALOGING SOURCE | |
| Transcribing agency | MU |
| 100 ## - MAIN ENTRY--PERSONAL NAME | |
| Personal name | SINGH, JASVANT |
| 245 ## - TITLE STATEMENT | |
| Title | RAJASTHAN KE RAJWADI GEET VOL-1 |
| 260 ## - PUBLICATION, DISTRIBUTION, ETC. | |
| Name of publisher, distributor, etc. | SANGHI PRAKASHAN, JAIPUR |
| Date of publication, distribution, etc. | 2013 |
| 942 ## - ADDED ENTRY ELEMENTS (KOHA) | |
| Source of classification or shelving scheme | Dewey Decimal Classification |
| Koha item type | Book |
| Withdrawn status | Lost status | Source of classification or shelving scheme | Damaged status | Not for loan | Home library | Current library | Shelving location | Date acquired | Total Checkouts | Barcode | Date due | Date last seen | Date last checked out | Price effective from | Koha item type |
|---|---|---|---|---|---|---|---|---|---|---|---|---|---|---|---|
| Dewey Decimal Classification | Mewar University Central Library | Mewar University Central Library | Humanities | 21/12/2024 | 1 | H3710 | 29/03/2027 | 30/12/2024 | 30/12/2024 | 21/12/2024 | Book |